[Event "Imperia op-A 36th"]
[Site "Imperia"]
[Date "1994.09.04"]
[Round "2.39"]
[White "Codacci, Jose"]
[Black "Molinari, Mario"]
[Result "0-1"]
[WhiteElo "1900"]
[BlackElo "2050"]
[PlyCount "60"]
[EventDate "1994.09.03"]
[EventType "swiss"]
[EventRounds "9"]
[EventCountry "ITA"]
[SourceTitle "EXT 2024"]
[Source "ChessBase"]
[SourceDate "2023.10.10"]
[SourceVersion "1"]
[SourceVersionDate "2023.10.10"]
[SourceQuality "1"]

1. e4 c5 2. Nc3 Nc6 3. Nf3 Nf6 4. d4 cxd4 5. Nxd4 e5 6. Nb3 Bb4 7. Bc4 a5 8. 0-0 a4 9. Nd2 Bxc3 10. bxc3 0-0 11. Ba3 d6 12. Qf3 Qc7 13. Qd3 Rd8 14. Rab1 Na5 15. Bd5 Nxd5 16. exd5 b6 17. Qg3 Ba6 18. Rfd1 Nc4 19. Bc1 Nxd2 20. Bxd2 a3 21. Rb4 Bc4 22. Qg4 b5 23. Bg5 Qd7 24. Qg3 f6 25. Bxf6 Rf8 26. Bg5 Bxa2 27. Qd3 Bc4 28. Rxc4 bxc4 29. Qxc4 Qf5 30. Be3 Qxc2 0-1

[Event "Imperia op-A 36th"]
[Site "Imperia"]
[Date "1994.09.03"]
[Round "1.37"]
[White "Chmelik, Jiri"]
[Black "Codacci, Jose"]
[Result "1-0"]
[WhiteElo "2185"]
[BlackElo "1900"]
[PlyCount "63"]
[EventDate "1994.09.03"]
[EventType "swiss"]
[EventRounds "9"]
[EventCountry "ITA"]
[SourceTitle "EXT 2024"]
[Source "ChessBase"]
[SourceDate "2023.10.10"]
[SourceVersion "1"]
[SourceVersionDate "2023.10.10"]
[SourceQuality "1"]

1. d4 Nf6 2. c4 e6 3. Nc3 Bb4 4. e3 c5 5. Bd3 b6 6. Nge2 Bb7 7. a3 Bxc3+ 8. Nxc3 d6 9. 0-0 e5 10. d5 Nbd7 11. e4 0-0 12. f4 h6 13. Qf3 Qe7 14. g3 Nh7 15. Bd2 f6 16. Rfe1 Rf7 17. Bf1 g5 18. Bh3 Ndf8 19. Bf5 Bc8 20. Qh5 Rg7 21. Kh1 gxf4 22. gxf4 exf4 23. Bxf4 Ng5 24. Re2 Bxf5 25. exf5 Qd7 26. Rg1 Qxf5 27. Bxd6 Ng6 28. Bg3 Qd3 29. Rd1 Qxc4 30. d6 Nf4 31. Qh4 Ngh3 32. Re4 1-0